[Event "9. Korbacher Open 2017"]
[Site "Korbach"]
[Date "2017.10.20"]
[Round "3"]
[White "Schmidt, Andre"]
[Black "Tschoepe, Nino"]
[Result "1/2-1/2"]
[WhiteElo "2154"]
[BlackElo "1978"]
[Annotator "TA"]
[PlyCount "82"]
[EventDate "2017.??.??"]
[EventType "swiss"]
[EventCountry "GER"]
[SourceTitle "playchess.com"]
[Source "ChessBase"]
[SourceQuality "1"]

{[%evp 14,82,18,22,54,-39,-40,-37,0,0,0,0,36,36,57,57,46,47,46,52,56,48,43,0,7,-2,22,0,18,6,39,0,0,-12,25,0,29,19,36,9,18,-83,-82,-85,33,40,74,81,92,43,51,40,42,18,244,78,80,61,98,74,78,61,69,-43,-43,-45,-56,-43,-51,-50,-65]} 1. d4 d5 2. c4 e6 3. Nc3 Nf6 4. cxd5 exd5 5. Bg5 c6 6. Qc2 Be7 7. e3 h6 8. Bh4 {LiveBook: 61 Games} Nh5 {D36: Queen's Gambit Declined: Exchange Variation: Main line (5 Bg5 c6 6 Qc2)} (8... O-O 9. Bd3 Re8 10. Nge2 Nh5 11. Bxe7 Qxe7 12. h3 a5 13. a3 Nd7 14. Na4 Qh4 15. g3 Qd8 16. g4 Nhf6 17. Ng3 Nf8 18. O-O-O {1-0 (67) Caruana,F (2799)-Kramnik,V (2803) Douglas 2017}) 9. Bg3 ({White should try} 9. Bxe7 $14 Kxe7 10. Qb3) 9... Nxg3 $146 ({Predecessor:} 9... Nd7 10. Be2 Nxg3 11. hxg3 Nf6 12. Nh3 Qd6 13. Nf4 Bg4 14. Nh5 Bxh5 15. Bxh5 Nxh5 16. Rxh5 {½-½ (47) Hegde,S (1084)-Pearson,W (1454) Dundee 2014}) 10. hxg3 Be6 11. Bd3 Nd7 12. Nge2 Bd6 13. Nf4 Bxf4 14. gxf4 Nf6 15. f3 Qe7 16. O-O-O O-O-O 17. Kb1 Kb8 18. Na4 Bc8 19. Rhe1 Rhe8 20. Rc1 Qd6 21. a3 Nd7 22. Qb3 Re7 23. g3 Ka8 24. Qc3 f6 25. Qd2 Rde8 26. Bg6 Rd8 27. Rc3 {[#]} (27. Qc2 $11 {remains equal.}) 27... b5 $1 $17 {[%cal Rb5a4]} 28. Nc5 {[#]} Nxc5 (28... f5 $1 $17 {Threatens to win with ...Nxc5.} 29. Bxf5 Nxc5 30. Bxc8 Na4) 29. dxc5 $14 ({Wrong is} 29. Rxc5 $2 f5 $17) 29... Qe6 30. e4 Qg8 31. Rd1 Be6 32. Rd3 Red7 {Black wants to play ...dxe4.} 33. Qa5 Rb8 $2 (33... d4 $1 $11) 34. Rd4 $2 (34. f5 $18 {is the precise move to win.} Bf7 35. Bxf7 Qxf7 36. Qa6) 34... Qd8 35. Qd2 Qf8 36. Qc3 $36 {[%mdl 2048] Black is under strong pressure.} Rbd8 37. g4 Qe7 38. e5 (38. Kc1 $14) 38... fxe5 $1 $15 {Black is slightly better.} 39. fxe5 Qg5 40. Bc2 {Hoping for f4.} Qxe5 41. Re1 Qf6 {Precision: White = 27%, Black = 45%.} 1/2-1/2

[Event "9. Korbacher Open 2017"]
[Site "Korbach"]
[Date "2017.10.20"]
[Round "3"]
[White "Thomas, Ingo"]
[Black "Hild, Sebastian"]
[Result "1-0"]
[WhiteElo "2129"]
[BlackElo "1786"]
[Annotator "TA"]
[PlyCount "137"]
[EventDate "2017.??.??"]
[EventType "swiss"]
[EventCountry "GER"]
[SourceTitle "playchess.com"]
[Source "ChessBase"]
[SourceQuality "1"]

{[%evp 13,137,60,82,52,71,10,23,0,22,20,24,0,0,4,6,8,15,-8,0,-34,-8,-28,-30,-43,0,-50,-24,-24,174,-9,-11,-121,-132,-135,0,0,0,0,2,2,20,14,30,28,22,18,133,60,67,62,84,79,74,79,75,8,64,78,48,9,79,11,138,114,142,133,127,88,76,69,99,109,359,312,408,422,372,268,395,368,5165,5101,5185,5101,29974,29978,29978,29979,29979,29980,29980,29981,29981,29979,29979,29980,29980,29981,29981,29982,29982,29983,29983,29984,29984,29985,29985,29986,29986,29987,29988,29989,29989,29990,29990,29991,29991,29992,29993,29992,29992,29993,29994,29995,29995,29994]} 1. e4 d5 2. exd5 Qxd5 3. Nf3 Nf6 4. Be2 Bg4 5. O-O e6 6. h3 {B01: Skandinavische Verteidigung} Bh5 7. d4 c6 {LiveBook: 40 Partien} 8. Bf4 {Weiß steht besser.} (8. c4 Qd8 9. Nc3 Nbd7 10. Bf4 Nb6 11. g4 Bg6 12. Ne5 Nfd7 13. Nxg6 hxg6 {1-0 (29) Erenburg,S (2550)-Cordova,E (2651) Medellin 2017}) 8... Qd8 9. Na3 $146 (9. c4 $16) ({Vorgänger:} 9. c3) 9... Bd6 10. Be5 Bc7 11. Nc4 O-O 12. Bxc7 Qxc7 13. Nfe5 Bxe2 14. Qxe2 Nbd7 15. f4 Nb6 16. f5 Nxc4 17. Qxc4 Rfe8 18. c3 Re7 19. Rf3 Ne4 {Droht ...Sd2 und aus.} 20. Qd3 Ng5 $2 (20... exf5 $11 21. Rxf5 Nd6) 21. Rg3 $2 (21. f6 $1 $18) 21... f6 $11 22. fxe6 (22. h4 $11) 22... Nxe6 $17 23. Ng4 {Schwarz muss nun Sxf6+ beachten.} Kh8 (23... Nf4 $1 $17 {[%cal Rf4d3]} 24. Nxf6+ Kf8 25. Nxh7+ Ke8) 24. Re3 $36 {[%mdl 2048] Weiss hat Druck.} Rae8 25. Rae1 Qd6 26. Qf5 Nd8 27. Kf2 Rxe3 (27... Nf7 {keeps more tension.} 28. a4 a6 29. h4 Rxe3 30. Rxe3 Rxe3 31. Nxe3 g6) 28. Rxe3 Rxe3 29. Nxe3 Qe6 (29... g6 $11 {hält das Gleichgewicht.} 30. Qc8 Kg7) 30. Qxe6 (30. Qc5 $16) 30... Nxe6 $16 {[%mdl 4096] Endspiel KS-KS} 31. Nc4 g6 32. Nd6 Nd8 33. c4 Kg7 34. b4 (34. d5 $16) 34... a6 (34... f5 $11) 35. Ke3 $14 Kf8 36. d5 Ke7 (36... cxd5 $1 $11 37. cxd5 Ke7) 37. Ne4 (37. Nc8+ $1 $16 Ke8 38. Nb6) 37... f5 (37... cxd5 $11 38. cxd5 b6) 38. Nc5 $1 $16 Kd6 39. Kd4 $1 h6 40. Nd3 cxd5 41. cxd5 g5 42. Ne5 h5 $2 (42... b5 $16 {war nötig.}) 43. Nc4+ $18 Ke7 44. Ke5 $1 f4 45. Kf5 Nf7 (45... b5 $142 46. Nd2 g4) 46. Ne5 Nxe5 $2 (46... Nd8 47. Kxg5 Kd6) 47. Kxe5 {KB-KB} g4 48. Kxf4 gxh3 49. gxh3 {Weiß setzt Matt.} Kd6 50. Ke4 h4 51. Kd4 b6 52. a4 Kd7 53. a5 bxa5 54. bxa5 {K3B-KBB} Kd6 55. Kc4 Kd7 56. Kc5 Kc7 {[#]} 57. d6+ $1 Kd7 {[#]} 58. Kd5 $1 ({Lieber nicht} 58. Kb6 Kxd6 59. Kb7 (59. Kxa6 Kc7 $11) 59... Kd7 $11) 58... Kd8 59. Kc6 Kc8 60. Kb6 Kd7 61. Kxa6 Kxd6 {KBB-KB} 62. Kb6 Ke5 63. a6 Kf4 64. a7 Kg3 65. a8=Q Kxh3 66. Qh1+ Kg3 67. Kc5 h3 68. Kd4 h2 69. Ke3 {Precision: Weiß = 55%, Schwarz = 33%.} 1-0

[Event "9. Korbacher Open 2017"]
[Site "Korbach"]
[Date "2017.10.20"]
[Round "3"]
[White "Trunz, Elena"]
[Black "Maar, Samuel"]
[Result "1-0"]
[WhiteElo "2127"]
[BlackElo "1998"]
[Annotator "TA"]
[PlyCount "75"]
[EventDate "2017.??.??"]
[EventType "swiss"]
[EventCountry "GER"]
[SourceTitle "playchess.com"]
[Source "ChessBase"]
[SourceQuality "1"]

{[%evp 14,75,20,15,16,26,15,0,3,-16,-16,-43,28,12,47,45,125,93,91,92,85,84,85,14,14,17,8,14,52,51,89,18,57,32,282,282,273,276,416,408,416,379,5920,5920,5381,5381,4978,4802,2014,1922,29990,29974,29974,29975,29974,1334,29976,29976,5397,5361,5361,3304,6379,6295]} 1. e4 c5 2. Nc3 d6 3. g3 Nf6 4. Bg2 Nc6 5. d3 g6 6. Be3 Bg7 7. h3 O-O 8. Nge2 {LiveBook: 63 Games} e6 {B26: Closed Sicilian: 3 g3, lines with early Be3} (8... e5 9. O-O Nd4 10. Kh2 Nh5 11. Nd5 Be6 12. c3 Nxe2 {½-½ (12) Rublevsky,S (2680)-Gelfand,B (2733) Sochi 2007}) 9. Qd2 Rb8 10. Bh6 d5 $146 {The position is equal.} ({Predecessor:} 10... b5 11. Bxg7 Kxg7 12. O-O b4 13. Nd1 Nd4 14. Ne3 Nxe2+ 15. Qxe2 Nh5 {½-½ (15) Modrow,H (1707)-Hantel,T (1691) Mecklenburg VP 2008}) 11. Bxg7 Kxg7 12. g4 dxe4 (12... d4 $15 13. Nd1 e5) 13. g5 Nh5 14. Nxe4 f6 (14... e5 $14) 15. gxf6+ ({Don't do} 15. Nxc5 fxg5 16. Qc3+ Qf6 $14) 15... Nxf6 16. Nxc5 Qb6 17. Qc3 Kg8 18. d4 (18. h4 $16) 18... Nd5 $11 19. Bxd5 exd5 20. O-O-O Rxf2 21. Qe3 Rf6 22. a3 (22. h4 $16) 22... Bf5 23. Ng3 $36 {[%mdl 2048] White has some pressure.} Rbf8 $2 {[#]} ({Black should try} 23... Bc8 $14) 24. Nxf5 $18 Rxf5 25. Nd7 Qb5 (25... Qd8 $142) 26. Nxf8 Kxf8 27. Rhe1 {[#] Qh6+ would kill now.} Na5 $2 (27... Kg7 28. Qg3 a6) 28. Qh6+ Kg8 29. Re7 {[%csl Ge7][%cal Rh6g7]} Rf7 30. Rxf7 Kxf7 31. Qxh7+ {[%mdl 4096] Endgame KQR-KQN} Kf6 32. Rg1 Qe8 33. Rf1+ Kg5 34. h4+ Kg4 35. Qh6 Qe4 36. Qg5+ {White is clearly winning.} Kh3 37. Rd1 Nc4 38. Rd3+ {Precision: White = 55%, Black = 36%.} 1-0

[Event "9. Korbacher Open 2017"]
[Site "Korbach"]
[Date "2017.10.20"]
[Round "3"]
[White "Andersen, Lars Christoff"]
[Black "Plaza Reino, Mercedes"]
[Result "1-0"]
[WhiteElo "2107"]
[BlackElo "1822"]
[Annotator "TA"]
[PlyCount "97"]
[EventDate "2017.??.??"]
[EventType "swiss"]
[EventCountry "GER"]
[SourceTitle "playchess.com"]
[Source "ChessBase"]
[SourceQuality "1"]

{[%evp 13,97,16,33,11,33,0,0,5,11,0,5,0,11,4,14,-4,16,11,44,40,31,38,31,-35,-33,-33,0,-35,-32,-42,-38,-73,-62,-63,0,0,41,36,69,72,80,86,83,83,137,55,170,172,193,191,359,327,393,395,387,375,624,592,676,545,536,532,928,922,1422,1377,6198,6191,2714,2714,29978,29979,29979,29980,29980,29981,29978,29982,29982,29983,29983,29983,29983,29984,29984,29985]} 1. Nf3 d5 2. c4 e6 3. g3 c6 4. b3 f5 5. Bg2 Nf6 6. O-O Bd6 7. d4 Qe7 8. Bg5 {A90: Dutch Defence: Miscellaneous and Modern Stonewall (with ...Bd6)} (8. a4 a5 9. Ba3 b6 10. Bxd6 Qxd6 11. Nbd2 O-O 12. e3 Nbd7 13. Qc2 Ba6 14. Rfc1 Rac8 15. Qb2 c5 16. Ne5 Ne4 17. Ndf3 cxd4 18. exd4 {½-½ (55) Cheparinov,I (2689)-Agdestein,S (2602) Doha 2016}) 8... h6 9. Bxf6 $146 (9. Bc1 {is interesting.} Nbd7 10. Nh4 Kf7 11. f4 Rd8 12. Nc3) ({Predecessor:} 9. Bd2 O-O 10. Bc3 b6 11. e3 Bb7 12. Nbd2 Nbd7 13. Nh4 Qf7 14. cxd5 cxd5 15. Bb2 Ba6 {½-½ (28) Verholt,G (2093)-Gouw,C (2164) Dieren 2005}) 9... Qxf6 10. Nc3 {The position is equal.} O-O 11. e3 Nd7 12. Rc1 Rf7 13. Ne2 g5 14. Qd2 Nf8 15. Ne1 f4 (15... h5 {keeps more tension.} 16. f4 g4 17. h4 gxh3 18. Bxh3 h4) 16. exf4 gxf4 17. Nxf4 Bxf4 18. Qxf4 ({White should try} 18. gxf4 $14 Ng6 19. Rc3) 18... Qxf4 $15 19. gxf4 Rxf4 20. Nf3 Bd7 21. Rfe1 Ng6 22. Ne5 Nxe5 23. dxe5 d4 (23... Kf7 $15) 24. Re4 $11 Rxe4 25. Bxe4 {[%mdl 4096] Endgame KRB-KRB} Rd8 26. Kf1 Be8 27. Ke2 Bh5+ 28. Kd3 Rd7 (28... Rf8 $142) 29. c5 (29. Rg1+ $16 Kf8 30. Rg3) 29... Rg7 ({Better is} 29... Rf7 $14) 30. Kxd4 $18 Kf7 31. Rc3 Ke7 $2 {[#]} (31... Rg1 {was called for.} 32. b4 Re1) 32. Rh3 Bg6 33. Rxh6 Bxe4 34. Kxe4 {KR-KR} Rf7 $2 (34... b6 35. cxb6 axb6) 35. f4 b6 36. b4 bxc5 37. bxc5 Kd7 38. h4 {[%cal Bh2h4,Bh4h5][%mdl 32]} Ke7 39. h5 a5 40. Rh8 {[#] Threatening mate with h6.} Rf5 41. h6 {White wants to mate with h7.} Rh5 42. h7 {White mates.} Kf7 43. Rc8 Rxh7 44. Rc7+ Kg6 45. Rxh7 Kxh7 46. f5 {[%cal Bf4f5,Bf5f6][%mdl 32]} Kg7 47. f6+ Kf7 48. Kd4 Ke8 49. Kc4 {Precision: White = 56%, Black = 23%.} 1-0

[Event "9. Korbacher Open 2017"]
[Site "Korbach"]
[Date "2017.10.20"]
[Round "3"]
[White "Sanati, Charlotte"]
[Black "Koellner, Christof"]
[Result "1/2-1/2"]
[WhiteElo "2098"]
[BlackElo "2073"]
[Annotator "NA RC"]
[PlyCount "140"]
[EventDate "2017.??.??"]
[EventType "swiss"]
[EventCountry "GER"]
[SourceTitle "playchess.com"]
[Source "ChessBase"]
[SourceQuality "1"]
[TimeControl "40/5400+30:1800+30"]

{[%evp 8,138,82,17,27,28,20,6,21,5,18,0,55,-19,28,4,8,13,46,37,38,32767,35,29,39,23,18,8,12,16,31,0,0,-33,0,-14,0,0,0,-8,0,0,25,1,20,0,4,32767,16,0,32767,-35,-39,32767,32767,-28,32767,-29,32767,32767,-27,-47,-12,32767,32767,32767,32767,32767,32767,32767,-8,32767,32767,32767,32767,66,84,68,175,75,32767,75,49,91,179,32767,32767,32767,136,32767,32767,32767,32767,104,129,120,32767,169,223,0,32767,0,293,366,427,180,247,253,187,270,189,0,43,0,0,0,0,0,0,0,32767,0,0,0,0,0,0,0,0,0,0,0,0]} 1. d4 {[%emt 0:00:00]} d5 {[%emt 0:00:33]} 2. c4 {[%emt 0:00:00]} Nc6 {[%emt 0:00:13]} 3. Nf3 {[%emt 0:01:31]} Bg4 {[%emt 0:00:42]} 4. Nc3 {[%emt 0:05:39]} Nf6 {[%emt 0:07:42]} 5. e3 {[%emt 0:02:13]} (5. Ne5 $16 Bf5 6. e3) 5... e6 {[%emt 0:05:45]} 6. Be2 {[%emt 0:02:46]} Bb4 {[%emt 0:04:50]} 7. O-O {[%emt 0:02:39] D07: Queen's Gambit: Chigorin Defence} O-O {[%emt 0:00:51]} 8. Qc2 {[%emt 0:02:43]} (8. Bd2 dxc4 9. h3 Bh5 10. Ne5 Nxe5 11. dxe5 Bxe2 12. Qxe2 Nd7 13. Qxc4 a5 14. Rfd1 Nxe5 15. Qb5 Qf6 16. Qxb7 {½-½ (37) Rakhmatullin,K (2335)-Iuldachev,S (2517) Tashkent 2007}) 8... Bxc3 $146 {[%emt 0:07:02]} ({Predecessor:} 8... dxc4 9. Bxc4 Bxf3 10. gxf3 Nd5 11. a3 Bxc3 12. bxc3 Qh4 13. e4 Nf4 14. Bxf4 Qxf4 {0-1 (25) Laframboise,M (2195)-Bergeron,P (2119) Montreal 2003}) 9. bxc3 {[%emt 0:04:49]} dxc4 {[%emt 0:03:43]} 10. e4 {[%emt 0:04:38]} (10. Bxc4 $14 Bxf3 11. gxf3) 10... Bxf3 {[%emt 0:10:48]} 11. Bxf3 {[%emt 0:00:55]} e5 {[%emt 0:00:33]} 12. d5 {[%emt 0:03:43]} Na5 {[%emt 0:03:02]} 13. Ba3 {[%emt 0:02:44]} Re8 {[%emt 0:12:48]} 14. Bb4 {[%emt 0:02:09]} b6 {[%emt 0:01:53]} 15. Bxa5 {[%emt 0:01:27]} bxa5 {[%emt 0:00:02]} 16. Be2 {[%emt 0:06:50]} Qd6 {[%emt 0:00:20]} 17. Bxc4 {[%emt 0:02:52]} Reb8 {[%emt 0:02:51]} 18. Rab1 {[%emt 0:03:31]} Rb6 {[%emt 0:00:18]} 19. Bb5 {[%emt 0:05:48]} Rab8 {[%emt 0:02:18]} 20. Bc6 {[%emt 0:06:00]} Qc5 {[%emt 0:03:09]} 21. h3 {[%emt 0:07:11]} h6 {[%emt 0:01:11]} 22. Rb3 {[%emt 0:15:59]} Qc4 {[%emt 0:00:59]} 23. Rxb6 {[%emt 0:00:11]} Rxb6 {[%emt 0:05:37]} 24. Re1 {[%emt 0:01:13]} Qc5 {[%emt 0:07:48]} 25. g3 {[%emt 0:03:36]} Rb4 {[%emt 0:02:08]} 26. Re3 {[%emt 0:01:52]} Qc4 {[%emt 0:06:02]} 27. Kg2 {[%emt 0:08:30]} Qc5 {[%emt 0:05:02]} 28. a3 {[%emt 0:01:25]} Rb6 {[%emt 0:00:15]} 29. a4 {[%emt 0:00:39]} a6 {[%emt 0:00:11]} 30. Re2 {[%emt 0:00:41]} Qc4 {[%emt 0:00:24]} 31. Re3 $1 {[%emt 0:00:37]} Rb3 {[%emt 0:01:09]} 32. Qd3 {[%emt 0:00:34]} Qxd3 {[%emt 0:01:08]} 33. Rxd3 {[%emt 0:00:02]} Nxe4 {[%emt 0:01:11]} 34. Re3 {[%emt 0:00:04]} Nd6 {[%emt 0:03:35]} 35. Rxe5 {[%emt 0:00:19]} Kf8 {[%emt 0:00:29]} 36. Re3 {[%emt 0:01:02]} g6 {[%emt 0:00:16]} 37. Kf3 {[%emt 0:00:49]} Nf5 {[%emt 0:01:27]} 38. Rd3 {[%emt 0:00:25]} Ke7 {[%emt 0:00:22]} 39. g4 {[%emt 0:00:14]} Ng7 {[%emt 0:00:27]} 40. Ke3 {[%emt 0:00:37]} Kd6 {[%emt 0:30:46]} 41. Kd4 {[%emt 0:30:48]} f5 {[%emt 0:00:00]} 42. f3 {[%emt 0:00:00]} f4 {[%emt 0:00:00]} (42... Rb6 $16) 43. Ke4 {[%emt 0:00:00]} (43. c4 $18 {and White stays clearly on top.} Rb4 44. h4) 43... g5 {[%emt 0:00:00]} 44. c4 {[%emt 0:00:00]} Rb1 {[%emt 0:00:00] [#]} 45. Kd4 $1 {[%emt 0:00:00]} Re1 {[%emt 0:00:00]} (45... Ke7 $1 $14) 46. c5+ {[%emt 0:00:00]} Ke7 {[%emt 0:00:00]} 47. Kc4 {[%emt 0:00:00]} Rc1+ {[%emt 0:00:00]} 48. Rc3 {[%emt 0:00:00]} Rd1 {[%emt 0:00:00]} 49. Rc2 {[%emt 0:00:00]} Re1 {[%emt 0:00:00]} 50. Rd2 {[%emt 0:01:46]} (50. Rb2 $18) 50... Rc1+ {[%emt 0:01:54]} 51. Kd4 {[%emt 0:00:14]} Re1 {[%emt 0:00:17]} 52. Kd3 $2 {[%emt 0:01:48]} (52. Bb7 $18) 52... Re3+ $1 {[%emt 0:01:02]} 53. Kd4 {[%emt 0:00:47]} Re1 {[%emt 0:00:17]} 54. Kd3 {[%emt 0:01:18]} Re3+ {[%emt 0:00:02] [#]} 55. Kc4 $1 {[%emt 0:00:54]} Ne8 {[%emt 0:01:20]} 56. Rd4 {[%emt 0:00:43]} (56. Rb2 $142) 56... Nf6 {[%emt 0:00:26]} 57. d6+ {[%emt 0:00:21]} cxd6 {[%emt 0:00:23]} 58. cxd6+ {[%emt 0:00:07]} ({Less strong is} 58. Rxd6 Re1 $11) 58... Kd8 {[%emt 0:00:26] [#]} 59. Rd2 $2 {[%emt 0:01:07]} (59. d7 $1 $18) 59... Nd7 {[%emt 0:00:33]} 60. Rb2 {[%emt 0:00:30]} Ne5+ {[%emt 0:00:36]} 61. Kd5 {[%emt 0:00:09]} Nxc6 {[%emt 0:00:27]} 62. Kxc6 {[%emt 0:00:03]} Rc3+ {[%emt 0:00:14]} 63. Kd5 {[%emt 0:00:33]} Rxf3 {[%emt 0:01:16]} 64. Rb8+ {[%emt 0:01:03]} Kd7 {[%emt 0:00:07]} 65. Rb7+ {[%emt 0:00:08]} Kd8 {[%emt 0:00:59]} 66. Rb8+ {[%emt 0:00:18]} Kd7 {[%emt 0:00:03]} 67. Rb7+ {[%emt 0:00:05]} Kd8 {[%emt 0:00:34]} 68. Rb8+ {[%emt 0:00:30]} Kd7 {[%emt 0:00:02]} 69. Rb7+ $11 {[%emt 0:00:09]} Kc8 70. Ke4 Kd8 1/2-1/2

[Event "9. Korbacher Open 2017"]
[Site "Korbach"]
[Date "2017.10.20"]
[Round "3"]
[White "Nielsen, Klaus"]
[Black "Launert, Martin"]
[Result "1-0"]
[WhiteElo "2092"]
[BlackElo "1879"]
[Annotator "NA RC"]
[PlyCount "79"]
[EventDate "2017.??.??"]
[EventType "swiss"]
[EventCountry "GER"]
[SourceTitle "playchess.com"]
[Source "ChessBase"]
[SourceQuality "1"]
[TimeControl "40/5400+30:1800+30"]

{[%evp 8,74,17,-46,32767,32767,0,0,-5,20,13,-28,6,7,6,20,30,13,0,-21,-8,-39,16,0,22,0,-9,0,1,-25,-40,-64,32767,32767,-56,-132,32767,-60,-50,-39,12,18,177,-18,0,-27,-22,-65,-56,-106,-123,-197,-216,-230,-212,-251,-257,-261,-264,-272,-201,-198,-191,-279,0,0,245,224,289]} 1. e4 {[%emt 0:00:00]} e5 {[%emt 0:00:04]} 2. Nf3 {[%emt 0:00:00]} Nc6 {[%emt 0:00:06]} 3. Bc4 {[%emt 0:00:02]} Bc5 {[%emt 0:00:13]} 4. b4 {[%emt 0:01:55]} Bxb4 {[%emt 0:01:09]} 5. c3 {[%emt 0:00:09]} Be7 {[%emt 0:03:22]} 6. d4 {[%emt 0:00:07]} Na5 {[%emt 0:19:48]} 7. Bd3 {[%emt 0:00:55]} exd4 {[%emt 0:02:09] C51: Evans Gambit: Declined and Accepted without 5...Ba5} (7... d6 8. dxe5 dxe5 9. Nxe5 Nf6 10. O-O O-O 11. Qc2 c5 12. Nd2 Qc7 13. Nec4 Nxc4 14. Bxc4 Bd6 15. h3 {0-1 (47) Kryvoruchko,Y (2707)-Karjakin,S (2771) Dubai 2014}) 8. cxd4 {[%emt 0:00:37]} d5 {[%emt 0:01:08]} 9. e5 {[%emt 0:08:23]} (9. exd5 $5 {[%cal Rd1a4]} c6 10. dxc6 $11) 9... Nc6 {[%emt 0:06:10]} 10. O-O {[%emt 0:00:09]} Bg4 $146 {[%emt 0:00:54]} ({Predecessor:} 10... Nh6 11. Bxh6 gxh6 12. h3 Rg8 13. Kh2 Be6 14. Nc3 Qd7 15. Rb1 Rb8 16. Bxh7 Rg7 17. Bc2 Kf8 18. Ne2 f6 {½-½ (18) Cabot Muntane,J (1938)-Minguez Rodriguez,R (2223) Barcelona 2014}) 11. Be3 {[%emt 0:00:11]} Qd7 {[%emt 0:04:02]} 12. Nbd2 {[%emt 0:04:04]} Bb4 {[%emt 0:06:13]} 13. Qb3 {[%emt 0:01:23]} Nge7 {[%emt 0:03:25]} 14. a3 {[%emt 0:04:19]} Bxd2 {[%emt 0:01:20]} 15. Nxd2 {[%emt 0:00:56]} Rb8 {[%emt 0:01:28]} 16. f3 {[%emt 0:05:02]} Bf5 {[%emt 0:00:35]} 17. Be2 {[%emt 0:00:59]} O-O {[%emt 0:01:08]} 18. g4 {[%emt 0:02:58]} Be6 {[%emt 0:02:52]} 19. Qc3 {[%emt 0:02:21]} f5 {[%emt 0:04:58]} 20. exf6 {[%emt 0:00:17]} Rxf6 {[%emt 0:00:22]} 21. Bg5 {[%emt 0:01:31]} (21. Nb3 $15) 21... Rff8 {[%emt 0:01:47]} 22. Nb3 {[%emt 0:03:18]} Ng6 {[%emt 0:06:23]} 23. Rae1 {[%emt 0:01:52]} Qf7 {[%emt 0:08:56]} (23... Qd6 $15) 24. Nc5 {[%emt 0:05:54]} Bd7 $2 {[%emt 0:00:35] [#]} (24... Rbe8 $11 {und Schwarz muss sich keine Sorgen machen.}) 25. Bd3 $2 {[%emt 0:06:13]} (25. f4 $1 $18) 25... Rfe8 {[%emt 0:02:19]} 26. Nxd7 {[%emt 0:04:30]} Qxd7 {[%emt 0:02:54]} 27. Bf5 {[%emt 0:02:36]} Qd6 {[%emt 0:01:12]} 28. Qd3 {[%emt 0:02:07]} Nf8 {[%emt 0:02:49]} 29. Bh4 {[%emt 0:00:33]} (29. Qd2 $17 {war angesagt.}) 29... g6 {[%emt 0:00:34]} 30. Bg3 {[%emt 0:01:43]} Qd8 {[%emt 0:01:46]} 31. Rxe8 {[%emt 0:01:11]} Qxe8 {[%emt 0:00:03]} 32. Bxc7 {[%emt 0:01:31]} Ra8 {[%emt 0:02:43]} ({Weaker is} 32... gxf5 33. Bxb8 Qxb8 34. Rb1 $17) 33. Kh1 {[%emt 0:03:29]} gxf5 {[%emt 0:01:37]} 34. gxf5 {[%emt 0:01:00]} Nd7 {[%emt 0:02:11]} 35. Qb3 {[%emt 0:07:52]} Nf6 $2 {[%emt 0:02:32]} (35... Qe2 $19 {[%cal Re2f1]} 36. Rg1+ Kh8 37. Qxd5 Re8) 36. Qxb7 {[%emt 0:00:50]} Rc8 $2 {[%emt 0:03:38]} (36... Kf7 $11) 37. Rg1+ {[%emt 0:00:23]} Kf7 $18 {[%emt 0:00:39]} 38. Be5+ {[%emt 0:02:19]} Qd7 {[%emt 0:00:20]} 39. Rg7+ {[%emt 0:00:32]} Kxg7 {[%emt 0:01:39]} 40. Qxd7+ {[%emt 0:00:08]} 1-0

[Event "9. Korbacher Open 2017"]
[Site "Korbach"]
[Date "2017.10.20"]
[Round "3"]
[White "Braun, Ingram"]
[Black "Roeberg, Frank"]
[Result "1/2-1/2"]
[WhiteElo "2042"]
[BlackElo "2194"]
[Annotator "TA"]
[PlyCount "16"]
[EventDate "2017.??.??"]
[EventType "swiss"]
[EventCountry "GER"]
[SourceTitle "playchess.com"]
[Source "ChessBase"]
[SourceQuality "1"]

{[%evp 13,16,25,25,10,26]} 1. e4 e5 2. Nc3 Nf6 3. g3 Nc6 4. Bg2 Bc5 5. Nge2 d6 6. Na4 O-O 7. Nxc5 dxc5 8. O-O {C26: Vienna Game: 2...Nf6, sidelines} b6 $146 ({Predecessor:} 8... Re8 9. b3 Be6 10. d3 h6 11. h3 Qd6 12. f4 Rad8 13. Be3 Bc8 14. Qe1 Nd4 15. Nxd4 cxd4 {1-0 (42) Pedersen,J (2335)-Jensen,V (2295) Aarhus 1996}) 1/2-1/2